000 00790nam a2200205 a 4500
003 0
005 20250515112940.0
008 970101s19uu xx 00 eng d
050 _aPHS HQ 1236
_b.Qu59 2004
100 _aQuizon, Erika IIse M.
245 _aA Descriptive study on the perceptions of female politicians involved in politics on women empowerment /
_cErika Ilse M. Quizon.
260 _aLas PiƱas City, Philippines :
_bSouthville International School and Colleges,
_c2004.
300 _a50 pages :
_bcolor illustrations ;
_c28 cm.
504 _aIncludes bibliographical references.
650 _aWomen politicians
_xAttitudes.
650 _aWomen
_xPolitical activity.
650 _aWomen
_xEmpowerment
_vSocial aspects.
650 _aSex role in politics.
942 _2lcc
_cPASS
999 _c97147
_d97147